| 000 | 00623nam a22002177a 4500 | ||
|---|---|---|---|
| 999 |
_c21316 _d21316 |
||
| 003 | OSt | ||
| 005 | 20210630024152.0 | ||
| 008 | 170126b xxu||||| |||| 00| 0 eng d | ||
| 020 | _a9780176501235 | ||
| 040 |
_aMMU _beng _cMMU _dMMU |
||
| 050 | _aHM586 .I46 2010 | ||
| 245 |
_aImages of society : _bReadings that inspire and inform sociology / _c edited by Carroll Michael |
||
| 250 | _a2nd ed. | ||
| 260 |
_aToronto: _bNelson Education, _c2010. |
||
| 300 | _ax, 267 p. : | ||
| 500 | _aIncludes index | ||
| 650 | _aSociety | ||
| 700 | _aJerry P. White | ||
| 720 | _aNelson Education, | ||
| 942 |
_2lcc _cLOAN LOAN _e2nd ed. |
||